| 000 | 00345nam a2200145Ia 4500 | ||
|---|---|---|---|
| 008 | 191201s2010 xx 000 0 und d | ||
| 082 |
_a658.15 _bDAI |
||
| 100 | _aDANIELS, John D | ||
| 245 | 0 | _aInternational Business Environments | |
| 250 | _aIMP 1st | ||
| 260 |
_aN.Delhi _bPearson _c2010 |
||
| 300 | _a878 | ||
| 650 | _aMBA | ||
| 942 |
_2ddc _cBK |
||
| 999 |
_c4135 _d4135 |
||